Largest Cities in the World in 2000 BC - Statistics

General Stats
  • This quiz has been taken 57 times
  • The average score is 5 of 20
Answer Stats
Modern-Day Country Population City % Correct
Iraq 80k Ur
91%
Iraq 28k Uruk
71%
Egypt 57k Memphis
68%
Iraq 29k Akkad
35%
Pakistan 14k Mohenjodaro
32%
Iraq 29k Lagash
26%
Pakistan 12k Harappa
24%
Syria 35k Mari
21%
Iran 23k Susa
18%
Iraq 22k Umma
18%
Iraq 19k Kish
15%
Iraq 37k Larsa
15%
Iraq 9k Adab
9%
Syria 14k Ebla
9%
Iraq 57k Girsu
9%
Iraq 19k Akshak
6%
Egypt 17k Heliopolis
6%
Syria 19k Urkesh
6%
Iraq 23k Nipper
3%
Iraq 14k Tell Taya
3%
No matching quizzes found
Score Distribution
Percent of People with Each Score
Percentile by Number Answered
Your Score History
You have not taken this quiz